Disney's "Lilo & Stitch” - Statistics

General Stats
  • This quiz has been taken 206 times
  • The average score is 8 of 21
Answer Stats
Hint Answer % Correct
Experiment 626 Stitch
97%
Lilo’s Sister Nani Pelekai
90%
It means family Ohana
71%
Creator of the “Experiments” Jumba Jookiba
60%
Nani’s boyfriend David Kawena
58%
U.S state the movie is set in Hawaii
57%
Social worker Cobra Bubbles
48%
“Big Dummy” Captain Gantu
40%
Lilo’s ragdoll Scrump
37%
Day that Pudge gets a peanut butter sandwich Thursday
37%
Stitch is hit by 3 of these whilst a frog watches Trucks
37%
Experiment creator’s partner Wendy Pleakley
37%
Lilo’s enemy Mertle Edmonds
34%
The cost of Lilo’s “dog” 2 Dollars
33%
Fill-the-blank in the quote Oh, good, my dog found the {chainsaw}.
21%
Fill-the-blank in the quote Then bake you into a pie and feed it to the {social worker}.
18%
Leader of the United Galactic Federation Grand Councilwoman
15%
First track on the soundtrack Hawaiian Roller Coaster Ride
11%
Fruit stand owner Mrs. Hasagawa
6%
Nationality Gantu tries to pass off as Samoan
6%
Planet that the United Galactic Federation Headquarters is on Turo
6%
No matching quizzes found
Score Distribution
Percent of People with Each Score
Percentile by Number Answered
Your Score History
You have not taken this quiz